Serious thoughts on the baneful growth of popery : and the consequences of the rebellion; ... to which is annexed, a proposal offered ... to pass into a law, in order to prevent Romish priests from being able, ... to swarm like locusts among us, ... By a Protestant volunteer. ...

Bibliographic Details
Main Author: Protestant Volunteer
Format: eBook
Language:English
Series:Eighteenth century collections online.
Online Access:Full text online

MARC

Tag First Indicator Second Indicator Subfields
LEADER 00000cam a2200000 4500
001 in00001908746
006 m | d |
007 cr |n||||||||n
008 860311s1746 enk|||| s 00| ||eng d
005 20260407222318.1
035 |a (CStRLIN)ESTCN22664 
040 |a Cu-RivES  |c Cu-RivES  |d Uk-ES  |d CStRLIN  |d Thomson Gale  |d UtOrBLW 
100 0 |a Protestant Volunteer. 
245 1 0 |a Serious thoughts on the baneful growth of popery :  |b and the consequences of the rebellion; ... to which is annexed, a proposal offered ... to pass into a law, in order to prevent Romish priests from being able, ... to swarm like locusts among us, ... By a Protestant volunteer. ... 
264 3 |a London :  |b printed for M. Cooper,  |c 1746. 
300 |a 4 unnumbered pages, 34p. ;  |c 8⁰. 
336 |a text  |b txt  |2 rdacontent 
337 |a computer  |b c  |2 rdamedia 
338 |a online resource  |b cr  |2 rdacarrier 
500 |a With a half-title. 
500 |a Reproduction of original from the British Library. 
510 4 |a English Short Title Catalog,  |c ESTCN22664. 
533 |a Electronic reproduction.  |b Farmington Hills, Mich. :  |c Thomson Gale,  |d 2003.  |n Available via the World Wide Web.  |n Access limited by licensing agreements  |7 s2003 miunns 
500 |a Electronic resource. 
830 0 |a Eighteenth century collections online. 
856 4 0 |u http://proxy.library.tamu.edu/login?url=https://galenet.galegroup.com/servlet/ECCO?c=1&stp=Author&ste=11&af=BN&ae=N022664&tiPG=1&dd=0&dc=flc&docNum=CW123592814&vrsn=1.0&srchtp=a&d4=0.33&n=10&SU=0LRF&locID=txshracd2898  |z Full text online  |t 0 
999 |a MARS 
999 f f |s c5de56d9-15b8-3b01-9393-e0d52e4817d5  |i 694e5157-c47a-3216-a88b-348049b6b3e7  |t 0 
952 f f |a Texas A&M University  |b College Station  |c Electronic Resources  |s www_evans  |d Available Online  |t 0  |h No information provided 
998 f f |t 0  |l Available Online